• 首页
  • 本馆介绍
  • 公告通知
  • 最新文献
  • 馆藏检索
  • 电子资源
  • 读者导购
  • 参考咨询
  • 我的图书馆
  • 登录
  • 详细信息显示
  • 放入我的书架
  • 预约/预借图书
  • 作者相关作品
  • 分类相关作品
  • 丛书相关作品
  • 出版社相关作品

书目信息

  • 表格格式
  • 工作单格式
  • 卡片格式
题名:
食品风味物质与生物技术
    
 
作者: 王淼 , 田亚平 著
分册:  
出版信息: 北京   中国轻工业出版社  2004.05
页数: 330页
开本: 19cm
丛书名:
单 册:
中图分类: TS201.2
科图分类:
主题词: 食品工业
电子资源:
ISBN: 7-5019-4274-9
000 00670nam0 2200217 450
001 0777222013
005 20071221212749.08
010    @a7-5019-4274-9@dCNY25.00
100    @a20071221d2004 km y0chiy0120 ea
101 0  @achi
102    @aCN@b110000
200 1  @a食品风味物质与生物技术@Ashi pin feng wei wu zhi yu sheng wu ji shu@f王淼,田亚平著@Fwang miao,tian ya ping zhu
210    @a北京@c中国轻工业出版社@d2004.05
215    @a330页@d19cm
606 0  @a食品工业
690    @aTS201.2@v4
701  0 @a王淼@Awang miao@4著
701  0 @a田亚平@Atian ya ping@4著
801  0 @aCN@b大连网信软件有限公司图书馆@c20071221
905    @aBZT@dTS201.2@e1
906    @dCNY25.00@n0@r1
    
    食品风味物质与生物技术/王淼,田亚平著.-北京:中国轻工业出版社,2004.05
    330页;19cm
    
    
    ISBN 7-5019-4274-9:CNY25.00
    
●
相关链接 在五车中查询图书 在当当中查询图书 在豆瓣中查询图书


正题名:食品风味物质与生物技术     索取号:TS201.2/1         预约/预借

序号 登录号 条形码 馆藏地/架位号 状态 备注
1 639235   2000639235   中心书库中库/ 中库025架A面2列3层6/ [索取号:TS201.2/1] 在馆    
2 639236   2000639236   中心书库中库/ 中库025架A面2列3层8/ [索取号:TS201.2/1] 在馆    
3 639237   2000639237   中心书库中库/ 中库025架A面2列3层9/ [索取号:TS201.2/1] 在馆    
4 639238   2000639238   中心书库中库/ 中库025架A面2列3层3/ [索取号:TS201.2/1] 在馆    
5 639239   2000639239   中心书库中库/ 中库025架A面2列3层7/ [索取号:TS201.2/1] 在馆    
6 639240   2000639240   中心书库中库/ 中库025架A面2列3层2/ [索取号:TS201.2/1] 在馆    
7 639241   2000639241   中心书库中库/ 中库025架A面2列3层5/ [索取号:TS201.2/1] 在馆    
8 639242   2000639242   中心书库中库/ 中库025架A面2列3层4/ [索取号:TS201.2/1] 在馆    
9 639243   2000639243   中心书库中库/ 中库025架A面2列3层10/ [索取号:TS201.2/1] 在馆    
10 639244   2000639244   中心书库中库/ 中库025架A面2列3层1/ [索取号:TS201.2/1] 在馆    
山东省滨州职业学院图书馆 欢迎您!
大连网信软件有限公司© 版权所有